1461 1391 1299 1946 1153 1270 1234 1097 1604 1516 1763 1023 1359 1233 1285 1606 1888 1116 1391 1527 1394 1111 1125 1659 1429 1167 1421 1340 1160 1882 1429 1191 1484 1505 1369 1418 1829 1391 1739 1684 1223 1360 1042 1425 1275 1648 1794 1021 1146 1151 1557 1277 1099 1341 1718 1006 1877 1587 1066 1121 1318 1045 1608 1388 1593 1268 1108 1537 1214 1045 1903 1874 1418 1698 1471 1827 1588 1901 1939 1950 1828 1682 1765 1143 1096 1911 1241 1779 1243 1144 1295 1504 1843 1078 1693 1314 1246 1456 1215 BCNSPRNW ULIB Ver.6.0+V

เปลี่ยนเป็นภาษาไทย

Change to English
 แสดงรายละเอียดบรรณานุกรม
  กลับหน้าหลัก

Brief Record : Get Marc (ISO 2709) : E-mail record : QR code < ปิดหน้าต่าง
LEADER : 00000nam 2200000uu 4500
001    13399123201
003     ULIB
008    140704s2551 th a 000 0 tha d
020    9789748458250
090    นว.^bT111ห
100    Tajmahal
245    ห้ามไม่ทันดันรักเธอ /^cTajmahal
260    กรุงเทพฯ :^b1168Publishing,^c2551
300    233 หน้า
710    1168Publishing
945    ^p169^l0^i20337
999    ^aทศพร เกษรทอง
รายการนี้ยังไม่มีแท็ก
คุณยังไม่ได้ล็อกอิน คุณสามารถมีกิจกรรมร่วมกับเว็บไซต์ได้ แต่ต้องล็อกอินก่อน ::
  ล็อกอิน

รายการสื่อสารสนเทศ

ลำดับที่ ประเภท เลขเรียก/บาร์โค้ด สถานที่ สถานะ
1. นวนิยาย
นวนิยาย
นว. T111ห ฉ.1 
  Barcode: 20337
ห้องสมุดวิทยาเขตนครสวรรค์
►นวนิยาย:l:Fiction
บนชั้น
Note:บริจาค

BibComment


ยังไม่เคยถูกคอมเมนท์

คอมเมนท์ทรัพยากรรายการนี้
  คอมเมนท์: ห้ามไม่ทันดันรักเ..


 Copyright 2026. Bcnsprnw @Library